Southville International School and Colleges
Your cart is empty.
  • Cart
  • Lists
    Public lists Eva Luna New books Lux_list list_1
    Your lists Log in to create your own lists
  • Log in to your account
  • Your cookies
  • Search history
Southville International School and Colleges
  • Advanced search
  • Recent comments
  • Most popular
  • Libraries

Log in to your account

Log in with GOOGLE


If you do not have an external account, but do have a local account, you can still log in:

  1. Home
  2. MARC view: Spanish vocabulary drills /
Normal view MARC view ISBD view

Spanish vocabulary drills / (Record no. 292837)

[ view plain ]
MARC details
000 -LEADER
fixed length control field 01256cam a22003495a 4500
001 - CONTROL NUMBER
control field 17267458
003 - CONTROL NUMBER IDENTIFIER
control field PILC
005 - DATE AND TIME OF LATEST TRANSACTION
control field 20160322123129.0
008 - FIXED-LENGTH DATA ELEMENTS--GENERAL INFORMATION
fixed length control field 120423s2015 nyu 000 0 eng
010 ## - LIBRARY OF CONGRESS CONTROL NUMBER
LC control number 2012938280
020 ## - INTERNATIONAL STANDARD BOOK NUMBER
International Standard Book Number 9780071805001
020 ## - INTERNATIONAL STANDARD BOOK NUMBER
International Standard Book Number 0071805001
040 ## - CATALOGING SOURCE
Original cataloging agency DLC
Transcribing agency DLC
Modifying agency DLC
041 0# - LANGUAGE CODE
Language code of text/sound track or separate title eng
-- spa
042 ## - AUTHENTICATION CODE
Authentication code pcc
050 ## - LIBRARY OF CONGRESS CALL NUMBER
Classification number PC 4629
Item number .G662 2015
100 1# - MAIN ENTRY--PERSONAL NAME
Personal name Gordon, Ronni L.,
Relator term author.
245 10 - TITLE STATEMENT
Title Spanish vocabulary drills /
Statement of responsibility, etc Ronni L. Gordon and David M. Stillman.
260 ## - PUBLICATION, DISTRIBUTION, ETC. (IMPRINT)
Place of publication, distribution, etc New York :
Name of publisher, distributor, etc McGraw Hill,
Date of publication, distribution, etc 2015.
300 ## - PHYSICAL DESCRIPTION
Extent vi, 249 pages ;
Dimensions 28 cm
650 #0 - SUBJECT ADDED ENTRY--TOPICAL TERM
Topical term or geographic name as entry element Spanish language
General subdivision Vocabulary.
650 #0 - SUBJECT ADDED ENTRY--TOPICAL TERM
Topical term or geographic name as entry element Spanish language
General subdivision Vocabulary
Form subdivision Problems, exercises, etc.
650 #0 - SUBJECT ADDED ENTRY--TOPICAL TERM
Topical term or geographic name as entry element Spanish language
Form subdivision Textbooks for foreign speakers
General subdivision English.
650 #0 - SUBJECT ADDED ENTRY--TOPICAL TERM
Topical term or geographic name as entry element Spanish language
Form subdivision Self-instruction.
700 1# - ADDED ENTRY--PERSONAL NAME
Personal name Stillman, David M.,
Relator term author.
856 42 - ELECTRONIC LOCATION AND ACCESS
Materials specified Publisher description
Uniform Resource Identifier <a href="http://www.loc.gov/catdir/enhancements/fy1506/2012938280-d.html">http://www.loc.gov/catdir/enhancements/fy1506/2012938280-d.html</a>
856 42 - ELECTRONIC LOCATION AND ACCESS
Materials specified Contributor biographical information
Uniform Resource Identifier <a href="http://www.loc.gov/catdir/enhancements/fy1506/2012938280-b.html">http://www.loc.gov/catdir/enhancements/fy1506/2012938280-b.html</a>
906 ## - LOCAL DATA ELEMENT F, LDF (RLIN)
a 0
b ibc
c origres
d 2
e ncip
f 20
g y-gencatlg
942 ## - ADDED ENTRY ELEMENTS (KOHA)
Source of classification or shelving scheme Library of Congress Classification
Koha item type Books
Holdings
Withdrawn status Lost status Source of classification or shelving scheme Damaged status Home library Current library Shelving location Date acquired Source of acquisition Cost, normal purchase price Sub Shelving location Total Checkouts Full call number Barcode Date last seen Price effective from Koha item type
    Library of Congress Classification   College Library College Library Reserve Section 03/22/2016 Library Fund 1105.00     PC 4629 .G662 2015 C20505 05/15/2018 03/22/2016 Books

Spanish vocabulary drills /

APA

Gordon R. L., Stillman D. M., . (2015). Spanish vocabulary drills. New York: McGraw Hill.

Chicago

Gordon Ronni L, Stillman David M, . 2015. Spanish vocabulary drills. New York: McGraw Hill.

Harvard

Gordon R. L., Stillman D. M., . (2015). Spanish vocabulary drills. New York: McGraw Hill.

MLA

Gordon Ronni L, Stillman David M, . Spanish vocabulary drills. New York: McGraw Hill. 2015.

  • Place hold
  • Print
  • Cite
  • Add to your cart (remove)
  • Save record
    BIBTEX Dublin Core MARCXML MARC (non-Unicode/MARC-8) MARC (Unicode/UTF-8) MARC (Unicode/UTF-8, Standard) MODS (XML) RIS
  • More searches
    Search for this title in:
    Other Libraries (WorldCat) Other Databases (Google Scholar) Online Stores (Bookfinder.com) Open Library (openlibrary.org)

Exporting to Dublin Core...

SOUTHVILLE LIBRARY

Southville International School and Colleges Library

1281 Tropical Ave. Cor. Luxembourg St., BF Homes International, Las Pinas City

Tel. No. 8256374 / 252358 Loc. 117/146

Powered by Koha